Severo Torelli / (Record no. 173958)

MARC details
000 -LEADER
campo de control de longitud fija 01011namaa22001931 4500
001 - NÚMERO DE CONTROL
campo de control 173958
003 - IDENTIFICADOR DE NÚMERO DE CONTROL
campo de control ES-MaACL
005 - FECHA Y HORA DE LA ÚLTIMA TRANSACCIÓN
campo de control 20230906215412.0
008 - DATOS DE LONGITUD FIJA--INFORMACIÓN GENERAL
campo de control de longitud fija 100203s1894 sp r |||| | spa d
100 0# - ENTRADA PRINCIPAL--NOMBRE DE PERSONA
Nombre de persona Coppée, François.
9 (RLIN) 40420
245 10 - MENCIÓN DEL TÍTULO
Título Severo Torelli /
Mención de responsabilidad, etc. drama de François Coppée ; arreglado a la escena española en cuatro actos y escrito en verso castellano por Carlos Fernández Shaw.
260 ## - PUBLICACIÓN, DISTRIBUCIÓN, ETC.
Lugar de publicación, distribución, etc. Madrid :
Nombre del editor, distribuidor, etc. [s.n.],
Fecha de publicación, distribución, etc. 1894 (
Fabricante Tip. de los Hijos de M.G. Hernández)
300 ## - DESCRIPCIÓN FÍSICA
Extensión 79 p. ;
Dimensiones 18 cm.
500 ## - NOTA GENERAL
Nota general En port.: Estrenado con gran éxito en el teatro Español la noche del 17 de febrero de 1894.
500 ## - NOTA GENERAL
Nota general En cubierta precede al tít.: Administración Lírico-Dramática.
700 1# - ENTRADA AGREGADA--NOMBRE PERSONAL
Nombre de persona Fernández-Shaw, Carlos,
Fechas asociadas al nombre 1865-1911
9 (RLIN) 50098
852 ## - LOCALIZACIÓN
Ubicación ES-MaACL
Número de control de estantería F-8635(1)
Nota libre .- Enc. pasta española
-- .- Enc. en un vol. facticio formando parte de la col. facticia "Teatro español moderno", vol. 90
-- .- Dedicatoria manuscrita de Carlos Fernández Shaw
Holdings
Estatus retirado Estado de pérdida Estado de daño No para préstamo Colección Biblioteca de origen Biblioteca actual Ubicación en estantería Fecha de adquisición Fuente de adquisición Total de préstamos Signatura topográfica completa Código de barras Visto por última vez Precio de reemplazo Tipo de ítem Koha
        Libros del s. XIX Biblioteca del Ateneo de Madrid Biblioteca del Ateneo de Madrid Sala Pecera Planta 2 03/02/2010     F-8635(1) 1182605 23/02/2023 23/02/2023 Libro impreso antiguo